00329nam a2200121Ia 450000500170000000800410001708200130005810000160007124500220008726000640010930000130017350000210018620250323123847.0240331s9999 xx 000 0 und d bMAHa894 aMahendran,K 0aThoovanam kavanam aTellipalaibLyceum of Literary and Aesthetics Studiesc1988 a152 p ., aA Novel in Tamil